| 000 | 00364nam a22001457a 4500 | ||
|---|---|---|---|
| 999 |
_c15299 _d15299 |
||
| 020 | _a9781138034501 | ||
| 082 |
_a664.02 _bJUN/FO |
||
| 100 |
_aJUN, SOOJIN _92942 |
||
| 245 | _aFood processing operations modeling : Design and analysis | ||
| 250 | _a2 | ||
| 260 |
_aU.S.A _bCRC Press _c2017 |
||
| 300 | _a355 | ||
| 700 |
_aIrudayaraj, Joseph M. _92943 |
||
| 942 | _cBK | ||